00408pab a2200133 454500008004000000100002200040245011100062260000900173300001500182362001200197650001200209700002000221773003300241180718b2014 xxu||||| |||| 00| 0 eng d aMikesell, John L. aState revenue forecasts and political acceptance: The value of consensus forecasting in the budget process c2014 ap.188-203. aMar-Apr aBudgets aRoss, Justin M. aPublic Administration Review